| 000 | 00559nam a2200193 a 4500 | ||
|---|---|---|---|
| 003 | PILC | ||
| 005 | 20160224100137.0 | ||
| 008 | 080909s19uu xx 00 eng d | ||
| 020 | _a9780750664462 | ||
| 050 |
_aG 155.A1 _b .T645w 2007 |
||
| 245 |
_aTourism and indigenous peoples : _bissues and implications / _cRichard Butler and Tom Hinch. |
||
| 260 |
_aAmsterdam : _bElsevier, Ltd, _c2007. |
||
| 300 |
_a380 pages ; _c23 cm. |
||
| 650 | _aTourism. | ||
| 650 | _aIndigenous peoples. | ||
| 700 | _aHinch, Tom. | ||
| 942 |
_cBK _2lcc _kFOR |
||
| 999 |
_c23163 _d23163 |
||